000 00373nam a2200145Ia 4500
003 OSt
005 20231120092502.0
008 170524s9999 xx 000 0 und d
020 _a9788120307773
040 _cIIMT UNIVERSITY
100 _aPETTERSON- DAN W.
245 0 _aINTRODUCTION TO ARTIFICIAL INTELLIGENCE & SYSTEM EXPERT
260 _bPHI NEW DELHI
942 _2ddc
_c02
999 _c8080
_d8080